[Event "Heusenstamm Sparkassen op-A 6th"]
[Site "Heusenstamm"]
[Date "2019.11.23"]
[Round "4"]
[White "Farmani Anosheh, Yasha"]
[Black "Enchev, Ivajlo"]
[Result "0-1"]
[WhiteElo "2182"]
[BlackElo "2482"]
[PlyCount "68"]
[EventDate "2019.11.21"]
[EventType "swiss"]
[EventRounds "7"]
[EventCountry "GER"]
[SourceTitle "CBM 193 Extra"]
[Source "ChessBase"]
[SourceDate "2020.01.31"]
[SourceVersion "1"]
[SourceVersionDate "2020.01.31"]
[SourceQuality "1"]

1. e4 c6 2. Nc3 d5 3. Nf3 dxe4 4. Nxe4 Nf6 5. Qe2 Nxe4 6. Qxe4 Nd7 7. d4 Nf6 8. Qd3 g6 9. Qb3 Bg7 10. h3 0-0 11. Bd3 b5 12. c3 c5 13. Qxb5 cxd4 14. Nxd4 Bd7 15. Qa6 e5 16. Nb3 Bc8 17. Qc4 Be6 18. Qa6 Nd7 19. Be2 Qh4 20. Qd3 Rfd8 21. Qe3 Qa4 22. Nc5 Nxc5 23. Qxc5 Qc2 24. Qe3 Bc4 25. f3 Rac8 26. Qe4 Rd1+ 27. Bxd1 Qxg2 28. Be2 Qxh1+ 29. Kd2 Qg2 30. Ke1 Qg1+ 31. Kd2 Be6 32. Qe3 Qg2 33. Qxa7 Bc4 34. Qe3 Bh6 0-1

[Event "Pfalz op 10th"]
[Site "Neustadt an der Weinstrasse"]
[Date "2019.03.05"]
[Round "9"]
[White "Farmani Anosheh, Yasha"]
[Black "Sergienko, Sergey"]
[Result "0-1"]
[WhiteElo "2157"]
[BlackElo "2331"]
[PlyCount "116"]
[EventDate "2019.03.01"]
[EventType "swiss"]
[EventRounds "9"]
[EventCountry "GER"]
[SourceTitle "CBM 189 Extra"]
[Source "ChessBase"]
[SourceDate "2019.06.03"]
[SourceVersion "1"]
[SourceVersionDate "2019.06.03"]
[SourceQuality "1"]

1. d4 Nf6 2. c4 c5 3. d5 e6 4. Nc3 exd5 5. cxd5 d6 6. g3 g6 7. Bg2 Bg7 8. Nf3 0-0 9. 0-0 a6 10. a4 Re8 11. Bf4 Nh5 12. Bg5 Qc7 13. a5 Nd7 14. Qc2 Rb8 15. Nd2 h6 16. Be3 b5 17. axb6 Nxb6 18. Ra2 Nf6 19. h3 Nh5 20. g4 Nf6 21. Bf4 Nfd7 22. b3 Ne5 23. Nf3 Nxf3+ 24. Bxf3 Nd7 25. Ne4 Ne5 26. Bg2 Qe7 27. Ng3 Rb6 28. Bd2 Qh4 29. Ba5 Rb7 30. Bc3 Qe7 31. Ra4 Qf8 32. f4 Nd7 33. e4 Bxc3 34. Qxc3 Rb6 35. Re1 Qg7 36. Qxg7+ Kxg7 37. Ra3 Rb4 38. Bf1 Nb6 39. Kf2 Nxd5 40. Ne2 Nf6 41. Nc3 Nxe4+ 42. Kg1 Nf6 43. Rxe8 Nxe8 44. Bc4 Nc7 45. Ra4 Be6 46. Bxe6 Rxa4 47. bxa4 fxe6 48. Ne4 c4 49. Kf2 d5 50. Nc5 g5 51. fxg5 hxg5 52. Ke3 e5 53. Nd7 d4+ 54. Ke4 d3 55. Ke3 Nd5+ 56. Kd2 e4 57. Nc5 e3+ 58. Kd1 Nc3+ 0-1

[Event "Heusenstamm Sparkassen op-A 5th"]
[Site "Heusenstamm"]
[Date "2018.11.25"]
[Round "7"]
[White "Barski, Radoslaw"]
[Black "Farmani Anosheh, Yasha"]
[Result "1-0"]
[WhiteElo "2459"]
[BlackElo "2127"]
[PlyCount "115"]
[EventDate "2018.11.22"]
[EventType "swiss"]
[EventRounds "7"]
[EventCountry "GER"]
[SourceTitle "CBM 188 Extra"]
[Source "ChessBase"]
[SourceDate "2019.02.26"]
[SourceVersion "1"]
[SourceVersionDate "2019.02.26"]
[SourceQuality "1"]

1. e4 e5 2. Nf3 Nc6 3. Bb5 Nf6 4. d3 Bc5 5. c3 d6 6. 0-0 0-0 7. Nbd2 a6 8. Bxc6 bxc6 9. Qc2 Re8 10. d4 Bb6 11. dxe5 dxe5 12. Nc4 Nd7 13. Bg5 f6 14. Be3 Qe7 15. Rfd1 Kh8 16. Rd2 a5 17. Rad1 Nc5 18. Nxb6 cxb6 19. Rd6 Be6 20. Rxc6 Bxa2 21. Rxb6 a4 22. Re1 Rac8 23. Rb5 Bb3 24. Qb1 Nd3 25. Rf1 Bc4 26. Rb6 Nf4 27. Re1 Qc7 28. Nd2 Bd3 29. Qa2 Bc2 30. Qa3 Rb8 31. Rxb8 Rxb8 32. Bxf4 exf4 33. Rc1 Bb3 34. Nxb3 axb3 35. Rd1 Qc4 36. Qd6 Re8 37. f3 Qe2 38. Qd2 Qxd2 39. Rxd2 Ra8 40. Rd4 Kg8 41. Rb4 Ra1+ 42. Kf2 Rc1 43. Rxb3 Rc2+ 44. Kf1 Rc1+ 45. Ke2 Rc2+ 46. Kd3 Rxg2 47. c4 Kf7 48. c5 Ke7 49. Rb7+ Kd8 50. b4 Rf2 51. Rxg7 Rxf3+ 52. Kd4 Rb3 53. Kc4 Re3 54. Kd5 Rd3+ 55. Kc6 Rd4 56. b5 Rxe4 57. b6 Re6+ 58. Kb5 1-0

[Event "Heusenstamm Sparkassen op-A 5th"]
[Site "Heusenstamm"]
[Date "2018.11.23"]
[Round "2"]
[White "Farmani Anosheh, Yasha"]
[Black "Tuzi, Bruna"]
[Result "1-0"]
[WhiteElo "2127"]
[BlackElo "1866"]
[PlyCount "113"]
[EventDate "2018.11.22"]
[EventType "swiss"]
[EventRounds "7"]
[EventCountry "GER"]
[SourceTitle "CBM 188 Extra"]
[Source "ChessBase"]
[SourceDate "2019.02.26"]
[SourceVersion "1"]
[SourceVersionDate "2019.02.26"]
[SourceQuality "1"]

1. e4 c5 2. Nf3 Nc6 3. Bb5 Nd4 4. Bc4 b5 5. Bf1 Nxf3+ 6. Qxf3 Qb6 7. Nc3 a6 8. a4 b4 9. a5 Qf6 10. Na4 Qc6 11. Bc4 e6 12. Nb6 Rb8 13. Qe2 Bb7 14. f3 Ne7 15. Bxa6 Bxa6 16. Qxa6 Nc8 17. d3 Be7 18. Be3 0-0 19. Qc4 Nxb6 20. axb6 d5 21. exd5 exd5 22. Qg4 Bf6 23. Rb1 Rfe8 24. Kf2 Qa4 25. Rhc1 d4 26. Bf4 Rxb6 27. Ra1 Qb5 28. Re1 Rbe6 29. Rxe6 fxe6 30. b3 Qc6 31. Bg3 Qd5 32. Ra7 Re7 33. Ra6 Bg5 34. Qe4 Be3+ 35. Ke2 Qf5 36. Rc6 Bc1 37. Qxf5 exf5+ 38. Kd1 Bb2 39. Rxc5 Ra7 40. Rc4 Bc3 41. Bd6 Ra1+ 42. Ke2 Ra2 43. Bxb4 Rxc2+ 44. Kf1 Rc1+ 45. Kf2 Rc2+ 46. Kg3 g5 47. Be7 Rd2 48. Bxg5 Rxd3 49. h4 Be1+ 50. Kf4 Bf2 51. b4 h6 52. Bf6 Rd1 53. Kxf5 Kf7 54. Rc7+ Ke8 55. Re7+ Kf8 56. Re2 Be1 57. Kg6 1-0

[Event "Bayern-chI Bank Hofmann 22nd"]
[Site "Tegernsee"]
[Date "2018.10.31"]
[Round "5"]
[White "Farmani Anosheh, Yasha"]
[Black "Mons, Leon"]
[Result "0-1"]
[WhiteElo "2128"]
[BlackElo "2554"]
[PlyCount "80"]
[EventDate "2018.10.27"]
[EventType "swiss"]
[EventRounds "9"]
[EventCountry "GER"]
[SourceTitle "CBM 187 Extra"]
[Source "ChessBase"]
[SourceDate "2018.11.04"]
[SourceVersion "1"]
[SourceVersionDate "2018.11.04"]
[SourceQuality "1"]

1. d4 Nf6 2. c4 e6 3. g3 d5 4. Nf3 dxc4 5. Bg2 Nc6 6. Qa4 Bb4+ 7. Bd2 Bd6 8. Nc3 0-0 9. Qxc4 e5 10. dxe5 Nxe5 11. Nxe5 Bxe5 12. Rd1 c6 13. 0-0 Be6 14. Qb4 Qb6 15. Qxb6 axb6 16. Be3 Bxc3 17. bxc3 b5 18. a3 Rfe8 19. Ra1 Bd5 20. Rfe1 Ra4 21. Bd4 Bxg2 22. Bxf6 gxf6 23. Kxg2 Rc4 24. Reb1 Rxe2 25. a4 Rxa4 26. Rxa4 bxa4 27. Rxb7 a3 28. Ra7 a2 29. c4 Kg7 30. g4 Rc2 31. Kg3 f5 32. gxf5 Kf6 33. Ra5 c5 34. f4 Kxf5 35. Rxc5+ Ke4 36. Ra5 Kd4 37. c5 Kc4 38. c6 Kb3 39. Rb5+ Ka4 40. Rb6 Ka5 0-1

[Event "Eschborn op"]
[Site "Eschborn"]
[Date "2018.10.07"]
[Round "5"]
[White "Farmani Anosheh, Yasha"]
[Black "Staiger, Frank"]
[Result "0-1"]
[WhiteElo "2097"]
[BlackElo "2177"]
[PlyCount "104"]
[EventDate "2018.10.05"]
[EventType "swiss"]
[EventRounds "5"]
[EventCountry "GER"]
[SourceTitle "CBM 187 Extra"]
[Source "ChessBase"]
[SourceDate "2018.11.04"]
[SourceVersion "1"]
[SourceVersionDate "2018.11.04"]
[SourceQuality "1"]

1. d4 Nf6 2. c4 e6 3. Nf3 d5 4. g3 Be7 5. Bg2 0-0 6. 0-0 dxc4 7. Qc2 a6 8. a4 Bd7 9. Qxc4 Bc6 10. Bf4 Nbd7 11. Nc3 Nb6 12. Qb3 Nbd5 13. Nxd5 Bxd5 14. Qc2 Rc8 15. Bg5 c5 16. Qd3 Be4 17. Qd2 Qd5 18. dxc5 Rxc5 19. Rfd1 Rd8 20. Qe1 Qf5 21. Rxd8+ Bxd8 22. Rd1 Rd5 23. Be3 Ba5 24. Rc1 e5 25. b4 Bd8 26. Rd1 Qd7 27. Rxd5 Qxd5 28. Qd2 Be7 29. Bg5 Kf8 30. Qc3 h6 31. Be3 Bd6 32. Bc5 Bxc5 33. Qxc5+ Qxc5 34. bxc5 Bxf3 35. exf3 Nd7 36. f4 exf4 37. c6 bxc6 38. Bxc6 Ke7 39. gxf4 Kd6 40. Be4 Kc5 41. Kg2 Nb6 42. Bd3 a5 43. Bb5 Kb4 44. Be8 Nxa4 45. Bxf7 Nc3 46. Kf3 a4 47. Kg4 Ne4 48. Be8 Nxf2+ 49. Kf3 a3 50. Bf7 Nd3 51. Ke3 Kc3 52. Ke2 Nc1+ 0-1

[Event "Rheinland Pfalz op 10th"]
[Site "Nickenich"]
[Date "2018.06.01"]
[Round "4"]
[White "Dgebuadze, Alexandre"]
[Black "Farmani Anosheh, Yasha"]
[Result "1-0"]
[WhiteElo "2508"]
[BlackElo "2164"]
[PlyCount "52"]
[EventDate "2018.05.31"]
[EventType "swiss"]
[EventRounds "7"]
[EventCountry "GER"]
[SourceTitle "CBM 184 Extra"]
[Source "ChessBase"]
[SourceDate "2018.06.28"]
[SourceVersion "1"]
[SourceVersionDate "2018.06.28"]
[SourceQuality "1"]

1. d4 Nf6 2. Nf3 d5 3. e3 c5 4. c4 cxd4 5. exd4 Nc6 6. Nc3 Bg4 7. cxd5 Nxd5 8. Qb3 Nxc3 9. bxc3 Qd7 10. Rb1 0-0-0 11. Be3 e6 12. Bb5 Bxf3 13. gxf3 Qc7 14. Qa4 Na5 15. 0-0 Bd6 16. Kg2 g5 17. c4 Bf4 18. c5 Rhg8 19. c6 bxc6 20. Bxc6 Nxc6 21. Qa6+ Kd7 22. Rb7 Rb8 23. Rxc7+ Kxc7 24. Rc1 Rb6 25. Qxa7+ Rb7 26. Qc5 Rh8 1-0

[Event "Oberliga Baden 1718"]
[Site "Baden"]
[Date "2018.02.25"]
[Round "7.6"]
[White "Kuci, Blerim"]
[Black "Farmani Anosheh, Yasha"]
[Result "1-0"]
[WhiteElo "2199"]
[BlackElo "2162"]
[PlyCount "59"]
[EventDate "2017.10.08"]
[EventType "team-tourn"]
[EventRounds "9"]
[EventCountry "GER"]
[SourceTitle "EXT 2019"]
[Source "ChessBase"]
[SourceDate "2018.10.10"]
[SourceVersion "1"]
[SourceVersionDate "2018.10.10"]
[SourceQuality "1"]
[WhiteTeam "Hockenheim II"]
[BlackTeam "Ladenburg"]
[WhiteTeamCountry "GER"]
[BlackTeamCountry "GER"]

1. Nf3 c5 2. e4 Nc6 3. d3 g6 4. g3 Bg7 5. Bg2 e6 6. 0-0 Nge7 7. c3 d5 8. Nbd2 0-0 9. Nh4 b5 10. f4 b4 11. c4 Nd4 12. f5 gxf5 13. exd5 exd5 14. cxd5 Nxd5 15. Nb3 Nxb3 16. axb3 Qf6 17. Qh5 Qd4+ 18. Kh1 Nf6 19. Qf3 Be6 20. Nxf5 Bxf5 21. Qxf5 Rae8 22. Ra6 Re5 23. Qf4 Ng4 24. Rxa7 Ne3 25. Bxe3 Rxe3 26. Be4 f5 27. Bxf5 Qxf4 28. Rxf4 h5 29. Kg2 Bxb2 30. Bh7+ 1-0

[Event "Rheinland Pfalz op 9th"]
[Site "Lambsheim"]
[Date "2017.06.18"]
[Round "7"]
[White "Syrov, Arkadi"]
[Black "Farmani Anosheh, Yasha"]
[Result "1-0"]
[WhiteElo "2238"]
[BlackElo "2185"]
[PlyCount "55"]
[EventDate "2017.06.15"]
[EventType "swiss"]
[EventRounds "7"]
[EventCountry "GER"]
[SourceTitle "CBM 178 Extra"]
[Source "ChessBase"]
[SourceDate "2017.06.22"]
[SourceVersion "1"]
[SourceVersionDate "2017.06.22"]
[SourceQuality "1"]

1. e4 e5 2. Nf3 Nc6 3. Bb5 Nf6 4. d3 Bc5 5. Bxc6 dxc6 6. 0-0 Nd7 7. Nc3 0-0 8. a4 a5 9. Nd2 Re8 10. Nc4 f6 11. Kh1 Nf8 12. f4 Be6 13. Ne3 exf4 14. Rxf4 Ng6 15. Rf1 Qd7 16. Nf5 Ne7 17. g4 g6 18. Nh6+ Kg7 19. g5 f5 20. Bf4 Bd6 21. Qd2 Rf8 22. Nb5 Nd5 23. Nxd6 cxd6 24. exd5 Bxd5+ 25. Kg1 Kh8 26. Bxd6 Rfe8 27. Bc5 Qg7 28. c3 1-0

[Event "Pfalz op-A 8th"]
[Site "Neustadt an der Weinstrasse"]
[Date "2017.02.24"]
[Round "1"]
[White "Farmani Anosheh, Yasha"]
[Black "Milanovic, Danilo"]
[Result "1/2-1/2"]
[WhiteElo "2074"]
[BlackElo "2502"]
[PlyCount "87"]
[EventDate "2017.02.24"]
[EventType "swiss"]
[EventRounds "9"]
[EventCountry "GER"]
[SourceTitle "CBM 177 Extra"]
[Source "ChessBase"]
[SourceDate "2017.04.27"]
[SourceVersion "1"]
[SourceVersionDate "2017.04.27"]
[SourceQuality "1"]

1. Nf3 Nf6 2. g3 b5 3. Bg2 Bb7 4. 0-0 e6 5. d4 c5 6. Bf4 Qb6 7. c3 Be7 8. dxc5 Bxc5 9. Nbd2 0-0 10. Nb3 Be7 11. Qd4 Qxd4 12. cxd4 Na6 13. Rac1 Bd5 14. Ne5 Nb4 15. Bxd5 Nbxd5 16. Bd2 Nb6 17. Rc2 Ne4 18. Ba5 f6 19. Bxb6 fxe5 20. Ba5 exd4 21. Nxd4 Rac8 22. Rxc8 Rxc8 23. Nxb5 Rc2 24. Nc3 Nxc3 25. Bxc3 Rxe2 26. Rd1 d5 27. Re1 Rc2 28. Kf1 Kf7 29. Re2 Rc1+ 30. Re1 Rxe1+ 31. Kxe1 g5 32. h3 Bd6 33. Ke2 e5 34. f3 Ke6 35. g4 Kd7 36. Kd3 Kc6 37. b3 Kb5 38. Bd2 Be7 39. Bc3 Bd6 40. Be1 Be7 41. Bc3 Bd6 42. Be1 Be7 43. Bc3 Bd6 44. Be1 1/2-1/2